| 000 | 00418nam a22001697a 4500 | ||
|---|---|---|---|
| 003 | CEME | ||
| 005 | 20210628203521.0 | ||
| 008 | 210316b xxu||||| |||| 00| 0 eng d | ||
| 020 | _a1-56347-012-8 | ||
| 040 | _c. | ||
| 082 | _a629.1 KLI'G | ||
| 100 |
_aHeimarl, Joseph M , Klingerberg, Gunter _965966 |
||
| 245 | _aGun muzzle blast and flash | ||
| 260 |
_aUSA _bAIAA _c1992 |
||
| 300 | _aXX,559P | ||
| 942 |
_cBK _2ddc |
||
| 999 |
_c574029 _d574029 |
||